| Поле | Название | Значение |
| |
Тип записи |
a |
| |
Библиографический уровень |
m |
| 001 |
Контрольный номер |
RU\infra-m\znanium\bibl\2181450 |
| 005 |
Дата корректировки |
20260429142113.5 |
| 008 |
Кодируемые данные |
250630s2025 RU g rus u |
| 020 |
Индекс ISBN |
__ |
| a |
ISBN |
978-5-16-020554-0 |
| 020 |
Индекс ISBN |
__ |
| a |
ISBN |
978-5-16-113208-1 (электр. издание) |
| 040 |
Источник каталогиз. |
__ |
| a |
Служба первич. каталог. |
Общество с ограниченной ответственностью «ЗНАНИУМ» |
| 041 |
Код языка издания |
__ |
| a |
Код языка текста |
rus |
| 044 |
Код страны публикации |
__ |
| a |
Код страны публикации |
RU |
| 080 |
Индекс УДК |
__ |
| a |
Индекс УДК |
378(075.8) |
| 084 |
Индекс другой классификации/Индекс ББК |
__ |
| 2 |
Источник индекса |
rubbk |
| a |
Индекс другой классификации/Индекс ББК |
74.480я73 |
| 084 |
Индекс другой классификации/Индекс ББК |
__ |
| 2 |
Источник индекса |
okso |
| a |
Индекс другой классификации/Индекс ББК |
05.04.03 |
| 084 |
Индекс другой классификации/Индекс ББК |
__ |
| 2 |
Источник индекса |
okso |
| a |
Индекс другой классификации/Индекс ББК |
21.04.02 |
| 084 |
Индекс другой классификации/Индекс ББК |
__ |
| 2 |
Источник индекса |
okso |
| a |
Индекс другой классификации/Индекс ББК |
39.04.02 |
| 084 |
Индекс другой классификации/Индекс ББК |
__ |
| 2 |
Источник индекса |
okso |
| a |
Индекс другой классификации/Индекс ББК |
44.04.01 |
| 084 |
Индекс другой классификации/Индекс ББК |
__ |
| 2 |
Источник индекса |
okso |
| a |
Индекс другой классификации/Индекс ББК |
45.04.01 |
| 084 |
Индекс другой классификации/Индекс ББК |
__ |
| 2 |
Источник индекса |
okso |
| a |
Индекс другой классификации/Индекс ББК |
45.04.02 |
| 084 |
Индекс другой классификации/Индекс ББК |
__ |
| 2 |
Источник индекса |
okso |
| a |
Индекс другой классификации/Индекс ББК |
46.04.01 |
| 084 |
Индекс другой классификации/Индекс ББК |
__ |
| 2 |
Источник индекса |
okso |
| a |
Индекс другой классификации/Индекс ББК |
51.04.02 |
| 084 |
Индекс другой классификации/Индекс ББК |
__ |
| 2 |
Источник индекса |
okso |
| a |
Индекс другой классификации/Индекс ББК |
51.04.06 |
| 100 |
Автор |
__ |
| a |
Автор |
Булат Р.Е. |
| q |
Полное имя |
Булат Роман Евгеньевич |
| u |
Дополнение |
Ленинградский государственный университет им. А.С. Пушкина |
| 245 |
Заглавие |
__ |
| a |
Заглавие |
Педагогика и психология высшего образования |
| b |
Продолж. заглавия |
Учебное пособие |
| c |
Ответственность |
Ленинградский государственный университет им. А.С. Пушкина |
| 250 |
Сведения об издании |
__ |
| a |
Основные сведения об издании |
1 |
| 260 |
Выходные данные |
__ |
| a |
Место издания |
Москва |
| b |
Издательство |
ООО "Научно-издательский центр ИНФРА-М" |
| c |
Дата издания |
2026 |
| 300 |
Физическое описание |
__ |
| a |
Объем |
525 с. |
| 440 |
Серия |
__ |
| a |
Серия |
Высшее образование |
| 520 |
Аннотация |
__ |
| a |
Аннотация |
Учебное пособие в отличие от ранее изданных учебников и других изданий по схожей тематике представляет собой интегральное психолого-педагогическое сопровождение и научно-методическое обеспечение высшего образования. В нем педагогика и психология не разделены на отдельные модули а рассматриваются как единое целое. Включены все обновления законодательных требований и нормативных правовых основ в области структуры содержания и организации высшего образования на 1 июля 2025 г. а также результаты авторских научных исследований Р.Е. Булата и Х.С. Байчоровой направленных на повышение качества высшего образования. Содержание учитывает возрастные и другие особенности обучающихся и предполагает применение технологий проблемного обучения. Более того в нем сформулированы существующие противоречия требующие разрешения к планируемому обновлению системы высшего образования (1 сентября 2026 г.) что может стать основой при выборе обучающимися тем выпускных квалификационных работ. Соответствует требованиям федеральных государственных образовательных стандартов высшего образования последнего поколения. Для студентов образовательных организаций высшего образования обучающихся по направлению подготовки «Педагогическое образование». Также может использоваться в образовательных программах подготовки научных и научно-педагогических кадров в аспирантуре в системе повышения квалификации и переподготовки педагогических и управленческих кадров а также руководителями специалистами и научными работниками в сфере высшего образования. |
| 521 |
Примеч. о цел. назн. |
__ |
| a |
Примеч. о целев. назн. |
Профессиональное образование |
| 650 |
Тематические рубрики |
__ |
| a |
Основная рубрика |
Педагогика. Образование |
| x |
Основная подрубрика |
Педагогика высшей школы |
| 655 |
Указ. предметных рубрик (устаревшее) |
__ |
| a |
Жанр/ форма (устаревшее) |
Учебное пособие |
| 856 |
Электронный адрес документа |
4_ |
| a |
Имя сервера/домена |
znanium.ru |
| m |
Помощь |
ebs_support@infra-m.ru |
| n |
Местонахождение сервера |
НИЦ ИНФРА-М |
| u |
URL |
https://znanium.ru/catalog/document?id=466221 |
| 856 |
Электронный адрес документа |
48 |
| a |
Имя сервера/домена |
znanium.ru |
| d |
Путь |
/cover/2181 |
| f |
Электронное имя |
2181450.jpg |
| q |
Тип электронного формата |
image/jpeg |
| u |
URL |
https://znanium.ru/cover/2181/2181450.jpg |
| 911 |
|
__ |
| u |
|
0030=https://znanium.ru/catalog/document?id=466221 |